Código procesal civil y comercial de la provincia de Buenos Aires : comentado, anotado y concordado. Legislación complementaria /

Guardado en:
Autor Principal: Fenochietto, Carlos Eduardo
Formato: Libro
Idioma:Spanish
Publicado: Buenos Aires : Astrea, 2006
Edición:8a. ed. act. y amp.
Materias:
Etiquetas: Agregar Etiqueta
Sin Etiquetas, Sea el primero en etiquetar este registro!
LEADER 00586nam a22001575a 4500
001 DER.der006361
008 180615s2006####|||||||||||||||||#||spa||
005 20250919171215.0
245 1 0 |a Código procesal civil y comercial de la provincia de Buenos Aires :  |b comentado, anotado y concordado. Legislación complementaria /  |c Carlos Eduardo Fenochietto. 
250 |a 8a. ed. act. y amp. 
260 |a Buenos Aires :  |b Astrea,  |c 2006 
300 |a 973 p. 
020 |a 9505085001 
100 1 |a Fenochietto, Carlos Eduardo 
650 7 |a DERECHO PROCESAL CIVIL 
859 |a DERECHO  |b BIB. DERECHO  |h 347.05  |i FEN  |p 005670